000
00342nam a2200145Ia 4500
008
230718s9999 xx 000 0 und d
041
_a
Eng.
082
_a
347.08
_b
ACH-I
100
_a
Acharya , N. K.
245
0
_a
Intellectual Property Rights
260
_a
Pakistan
_b
Asia Law house
_c
2010
300
_a
364
650
_a
Law
999
_c
29699
_d
29699